000 00683nam a2200241Ia 4500
005 20240424125736.0
008 131103s9999 xx 000 0 und d
020 _a876927622
_cRs.95
040 _aLoreto College
041 _aEnglish
082 _a371.3
_bjoy
100 _aJoyce, Bruce
245 _aModels of Teaching
_cBruce Joyce, Marsha Weil and Beverly Shower
250 _a4th ed
260 _aNew Delhi
_bPrentice-Hall of India Private Limited
_c1992
300 _axv,492p.
_b ill.
504 _aIncludes bidliographical references and index
650 _aSchool organigation
651 _aTeaching
700 _aWeil, Marsha
850 _aLCBED
942 _cBK
999 _c27251
_d77730